[Event "40th Olympiad Women"]
[Site "Istanbul TUR"]
[Date "2012.09.05"]
[Round "8.8"]
[Board "3"]
[White "Galojan, Lilit"]
[Black "Cosma, Elena-Luminita"]
[Result "1/2-1/2"]
[WhiteTitle "IM"]
[BlackTitle "WGM"]
[WhiteElo "2349"]
[BlackElo "2352"]
[WhiteTeam "Armenia"]
[BlackTeam "Romania"]
[WhiteFideId "13301314"]
[BlackFideId "1201590"]
[EventDate "2012.08.28"]

1. d4 d5 2. c4 e6 3. Nc3 Nf6 4. Bg5 Be7 5. e3 h6 6. Bh4 O-O 7. Rc1 c5 8. dxc5
dxc4 9. Bxc4 Qxd1+ 10. Kxd1 Bxc5 11. Nf3 Nc6 12. Ke2 Bd7 13. Rhd1 Rfd8 14. a3
Be7 15. Bg3 Be8 16. Rxd8 Rxd8 17. Rd1 Rc8 18. Bd6 Bxd6 19. Rxd6 Kf8 20. Ba2 Ke7
21. Rd1 a6 22. Nd4 Nxd4+ 23. Rxd4 Bc6 24. f3 Rd8 25. Rxd8 Kxd8 26. Bb3 Kc7 27.
Kd3 Kd6 28. Ba4 Bxa4 29. Nxa4 Nd7 30. Nc3 Ne5+ 31. Kd4 Nc6+ 32. Kd3 Ne5+ 33. Kd4
Nc6+ 34. Kd3 Ke5 1/2-1/2

[Event "40th Olympiad Women"]
[Site "Istanbul TUR"]
[Date "2012.09.05"]
[Round "8.8"]
[Board "4"]
[White "L'Ami, Alina"]
[Black "Kursova, Maria"]
[Result "0-1"]
[WhiteTitle "WGM"]
[BlackTitle "WGM"]
[WhiteElo "2372"]
[BlackElo "2338"]
[WhiteTeam "Romania"]
[BlackTeam "Armenia"]
[WhiteFideId "1210246"]
[BlackFideId "4129709"]
[EventDate "2012.08.28"]

1. d4 Nf6 2. c4 e6 3. Nc3 Bb4 4. Qc2 c5 5. dxc5 O-O 6. a3 Bxc5 7. Nf3 b6 8. Bf4
Bb7 9. Rd1 Nh5 10. Bc1 a6 11. e4 Qc7 12. g4 Nf6 13. Rg1 Nc6 14. g5 Nh5 15. Be2
Rad8 16. Rg4 f5 17. exf5 Rxf5 18. Nd5 Qb8 19. b4 Ne5 20. bxc5 Rxf3 21. Ne7+ Kf7
22. c6 Kxe7 23. cxb7 Rxf2 24. Rh4 Nf3+ 25. Kxf2 Nxh4 26. Kg1 Nf4 27. Bg4 Qe5 28.
Qf2 Rf8 29. Qxb6 Nh3+ 30. Bxh3 Nf3+ 31. Kf1 Nxg5+ 32. Kg2 Qe2+ 33. Kh1 Qxd1+ 34.
Qg1 Qxg1+ 35. Kxg1 Nxh3+ 36. Kg2 d6 37. c5 dxc5 38. Be3 Kd6 0-1

[Event "40th Olympiad Women"]
[Site "Istanbul TUR"]
[Date "2012.09.05"]
[Round "8.9"]
[Board "2"]
[White "Nemcova, Katerina"]
[Black "Videnova, Iva"]
[Result "1-0"]
[WhiteTitle "WGM"]
[BlackTitle "WGM"]
[WhiteElo "2276"]
[BlackElo "2317"]
[WhiteTeam "Czech Republic"]
[BlackTeam "Bulgaria"]
[WhiteFideId "322750"]
[BlackFideId "2907763"]
[EventDate "2012.08.28"]

1. e4 c5 2. Nf3 d6 3. d4 cxd4 4. Nxd4 Nf6 5. Nc3 g6 6. Be3 Bg7 7. f3 Nc6 8. Qd2
O-O 9. Bc4 Bd7 10. Bb3 Na5 11. h4 h5 12. O-O-O Rc8 13. Kb1 Nc4 14. Bxc4 Rxc4 15.
g4 hxg4 16. h5 Nxh5 17. Rdg1 Qc8 18. fxg4 Bxg4 19. Rh4 Rxc3 20. Rhxg4 Rc5 21.
Bh6 Kh7 22. Bxg7 Kxg7 23. Qg2 Kh8 24. Nf5 Qe6 25. Rg5 Qf6 26. Rh1 e6 27. Rgxh5+
Kg8 28. Qh3 gxh5 29. Rg1+ Qg6 30. Ne7+ Kh7 31. Nxg6 fxg6 32. Qxe6 1-0

[Event "40th Olympiad Women"]
[Site "Istanbul TUR"]
[Date "2012.09.05"]
[Round "8.10"]
[Board "1"]
[White "Cmilyte, Viktorija"]
[Black "Pourkashiyan, Atousa"]
[Result "1-0"]
[WhiteTitle "GM"]
[BlackTitle "WGM"]
[WhiteElo "2520"]
[BlackElo "2313"]
[WhiteTeam "Lithuania"]
[BlackTeam "Iran"]
[WhiteFideId "12801259"]
[BlackFideId "12502014"]
[EventDate "2012.08.28"]

1. c4 e6 2. Nc3 d5 3. d4 Be7 4. cxd5 exd5 5. Bf4 c6 6. Qc2 g6 7. e3 Bf5 8. Bd3
Bxd3 9. Qxd3 Nf6 10. Nf3 Nbd7 11. h3 Qa5 12. Bh6 Bf8 13. Bxf8 Nxf8 14. O-O N8d7
15. b4 Qxb4 16. Rfb1 Qa5 17. Rxb7 O-O 18. Ne5 Nxe5 19. dxe5 Ne8 20. Ne2 Ng7 21.
Nd4 Rac8 22. Nb3 Qa3 23. Qd4 a5 24. Ra7 Ra8 25. Rxa8 Rxa8 26. Qb6 a4 27. Nc5 Rc8
28. Qa6 Rd8 29. Qb6 Rc8 30. Qb7 Rd8 31. Qc7 Ra8 32. Qxc6 Rd8 33. Qc7 Ra8 34. Rb1
Ne8 35. Rb8 Rxb8 36. Qxb8 Kf8 37. Nd7+ Ke7 38. Qb7 Qc1+ 39. Kh2 Qc7 40. Qxc7
Nxc7 41. Nb6 a3 42. f4 Ke6 43. Na4 d4 44. exd4 Kd5 45. Nc3+ Kxd4 46. Nb1 Nb5 47.
Kg3 h5 48. Kh4 Ke4 49. Kg5 h4 50. Kg4 Ke3 51. f5 gxf5+ 52. Kxf5 Kd4 53. Kf4 Kd5
54. Kg4 Kxe5 55. Kxh4 Kf6 56. Kg4 Kg6 57. Kf4 Nd4 58. Nc3 Nc2 59. g4 Nb4 60. h4
Nd3+ 61. Ke4 Nf2+ 62. Kf3 Nd3 63. Nd5 Nc1 64. Nb4 f5 65. g5 Kh5 66. Ke3 f4+ 67.
Kf3 Kg6 68. Kxf4 Ne2+ 69. Kg4 Nc3 70. h5+ Kg7 71. Kf5 Kh7 72. h6 Nb5 73. Nc2
Nd6+ 74. Ke5 Nb5 75. Kf6 Nc3 76. Nxa3 Nxa2 77. g6+ Kxh6 78. g7 1-0

[Event "40th Olympiad Women"]
[Site "Istanbul TUR"]
[Date "2012.09.05"]
[Round "8.10"]
[Board "2"]
[White "Khademalsharieh, Sarasadat"]
[Black "Daulyte, Deimante"]
[Result "1-0"]
[WhiteTitle "WIM"]
[BlackTitle "WGM"]
[WhiteElo "2270"]
[BlackElo "2216"]
[WhiteTeam "Iran"]
[BlackTeam "Lithuania"]
[WhiteFideId "12512214"]
[BlackFideId "12802859"]
[EventDate "2012.08.28"]

1. d4 Nf6 2. Nf3 g6 3. c4 Bg7 4. g3 O-O 5. Bg2 d5 6. cxd5 Nxd5 7. O-O Nc6 8. e4
Nb6 9. d5 Na5 10. Qe1 Nac4 11. Nc3 e6 12. b3 Qf6 13. bxc4 Qxc3 14. Qxc3 Bxc3 15.
Rb1 exd5 16. cxd5 Re8 17. Bd2 Bg7 18. Nh4 Bd7 19. Be3 Be5 20. f4 Nc4 21. Bf2 Bb2
22. Rfe1 b5 23. e5 Rab8 24. Bxa7 Ra8 25. e6 Bc8 26. d6 Rxa7 27. d7 Rf8 28.
dxc8=Q Rxc8 29. e7 Bd4+ 30. Kh1 Nd6 31. Bc6 Ne8 32. Rbd1 Ra4 33. Nf3 1-0

[Event "40th Olympiad Women"]
[Site "Istanbul TUR"]
[Date "2012.09.05"]
[Round "8.10"]
[Board "3"]
[White "Ziogaite, Jovita"]
[Black "Hejazipour, Mitra"]
[Result "1-0"]
[BlackTitle "WIM"]
[WhiteElo "2052"]
[BlackElo "2237"]
[WhiteTeam "Lithuania"]
[BlackTeam "Iran"]
[WhiteFideId "12802573"]
[BlackFideId "12505951"]
[EventDate "2012.08.28"]

1. e4 c5 2. Nf3 e6 3. d4 cxd4 4. Nxd4 a6 5. Be2 Nf6 6. Nc3 Qc7 7. O-O Nc6 8. Kh1
Be7 9. f4 d6 10. Be3 O-O 11. Qe1 Nxd4 12. Bxd4 b5 13. a3 Bb7 14. Qg3 Rad8 15.
Bd3 Rd7 16. Rae1 Qd8 17. Qh3 g6 18. Re3 Bc8 19. Rg3 Re8 20. e5 dxe5 21. Bxe5 Bd6
22. Qh4 Kg7 23. Rh3 h5 24. Qg3 Bxe5 25. fxe5 Ng4 26. Ne4 Rd4 27. Nd6 Rf8 28. Rh4
Qg5 29. Ne4 Qd8 30. h3 Nh6 31. Rhf4 Nf5 32. Qf2 Bb7 33. Nd6 Rxf4 34. Qxf4 Bd5
35. Bxf5 gxf5 36. Rd1 Kg6 37. Rxd5 exd5 38. Qxf5+ Kg7 39. Qxh5 Rg8 40. Qxf7+ Kh8
41. Qh5+ Kg7 42. Nf5+ Kf8 43. e6 1-0

[Event "40th Olympiad Women"]
[Site "Istanbul TUR"]
[Date "2012.09.05"]
[Round "8.10"]
[Board "4"]
[White "Hakimifard, Ghazal"]
[Black "Paulauskaite, Gintare"]
[Result "1-0"]
[WhiteTitle "WIM"]
[WhiteElo "2249"]
[BlackElo "2053"]
[WhiteTeam "Iran"]
[BlackTeam "Lithuania"]
[WhiteFideId "12506540"]
[BlackFideId "12802964"]
[EventDate "2012.08.28"]

1. e4 e6 2. d4 d5 3. Nd2 Nf6 4. e5 Nfd7 5. c3 c5 6. Bd3 Nc6 7. Ne2 cxd4 8. cxd4
f6 9. exf6 Nxf6 10. Nf3 Bd6 11. O-O O-O 12. Bg5 Bd7 13. Nc3 Qb6 14. a3 Rae8 15.
Re1 Ng4 16. Bh4 Nh6 17. Bg3 Be7 18. Na4 Qd8 19. Rc1 Nf5 20. Nc5 Bxc5 21. Rxc5
Nxg3 22. hxg3 Qf6 23. Qd2 h6 24. b4 b6 25. Rcc1 e5 26. dxe5 Nxe5 27. Nxe5 Rxe5
28. Rxe5 Qxe5 29. Re1 Qd4 30. Bh7+ 1-0

[Event "40th Olympiad Women"]
[Site "Istanbul TUR"]
[Date "2012.09.05"]
[Round "8.11"]
[Board "1"]
[White "Hund, Barbara"]
[Black "Nakhbayeva, Guliskhan"]
[Result "0-1"]
[WhiteTitle "WGM"]
[BlackTitle "WIM"]
[WhiteElo "2211"]
[BlackElo "2291"]
[WhiteTeam "Switzerland"]
[BlackTeam "Kazakhstan"]
[WhiteFideId "1301446"]
[BlackFideId "13704788"]
[EventDate "2012.08.28"]

1. e4 e6 2. d4 d5 3. Nc3 Nf6 4. Bg5 Be7 5. e5 Nfd7 6. Bxe7 Qxe7 7. f4 O-O 8. Qd2
c5 9. Nf3 Nc6 10. O-O-O c4 11. h4 Rb8 12. f5 b5 13. g4 b4 14. Nb1 f6 15. h5 fxe5
16. h6 g6 17. dxe5 Ndxe5 18. Nxe5 Nxe5 19. fxg6 Nxg6 20. Be2 Ba6 21. Qe3 Rf4 22.
Nd2 d4 23. Qg3 Rc8 24. Kb1 Qd6 25. Bf3 d3 26. Be4 Qd4 27. Bxg6 hxg6 28. Rhe1
dxc2+ 29. Kxc2 b3+ 30. Kb1 c3 0-1

[Event "40th Olympiad Women"]
[Site "Istanbul TUR"]
[Date "2012.09.05"]
[Round "8.11"]
[Board "2"]
[White "Sergeyeva, Mariya"]
[Black "Seps, Monika"]
[Result "0-1"]
[WhiteTitle "WGM"]
[BlackTitle "WIM"]
[WhiteElo "2346"]
[BlackElo "2227"]
[WhiteTeam "Kazakhstan"]
[BlackTeam "Switzerland"]
[WhiteFideId "13701037"]
[BlackFideId "1308521"]
[EventDate "2012.08.28"]

1. e4 c5 2. Nf3 d6 3. d4 cxd4 4. Nxd4 Nf6 5. Nc3 a6 6. Bg5 Nbd7 7. Qd2 b5 8. f3
Bb7 9. O-O-O e6 10. g4 Be7 11. h4 O-O 12. Kb1 b4 13. Nce2 d5 14. Bxf6 Bxf6 15.
g5 Bxd4 16. Nxd4 dxe4 17. fxe4 Bxe4 18. Bg2 Bxg2 19. Qxg2 Qc7 20. h5 Nc5 21. h6
g6 22. Qf3 Nd7 23. Nb3 f5 24. Rhe1 Rac8 25. Qd3 Rfd8 26. Nd4 Nf8 27. Qe2 e5 28.
Nf3 e4 29. Nd4 Qc4 30. Qf2 Rd5 31. Nb3 e3 32. Qg2 Rxd1+ 33. Rxd1 e2 34. Rc1 Rd8
35. Qb7 Rd7 36. Qb6 Rd1 37. Qf6 Qc7 0-1

[Event "40th Olympiad Women"]
[Site "Istanbul TUR"]
[Date "2012.09.05"]
[Round "8.11"]
[Board "3"]
[White "De Seroux, Camille"]
[Black "Saduakassova, Dinara"]
[Result "0-1"]
[WhiteTitle "WFM"]
[BlackTitle "WIM"]
[WhiteElo "2101"]
[BlackElo "2216"]
[WhiteTeam "Switzerland"]
[BlackTeam "Kazakhstan"]
[WhiteFideId "1305620"]
[BlackFideId "13700090"]
[EventDate "2012.08.28"]

1. e4 e5 2. Nf3 Nc6 3. d4 exd4 4. Nxd4 Bc5 5. Be3 Qf6 6. c3 Nge7 7. Bc4 b6 8.
Qd2 O-O 9. O-O Qg6 10. Nb5 Qxe4 11. Bd3 Bxe3 12. fxe3 Qe5 13. Qc2 Ng6 14. Nd2
Ba6 15. a4 Qxe3+ 16. Kh1 Rac8 17. Rae1 Qh6 18. Rf3 Bb7 19. Ne4 Qh4 20. Ref1 d5
21. Rh3 Qd8 22. Ng3 a6 23. Nd4 Nce5 24. Bf5 Ra8 25. Qe2 c5 26. Ne6 Qd6 27. Qh5
h6 28. Nxg7 Qf6 29. Ne6 fxe6 30. Qxh6 Rf7 31. Nh5 Qh8 32. Qxh8+ Kxh8 33. Nf4+
Rh7 34. Nxg6+ Nxg6 35. Bxg6 Rxh3 36. gxh3 d4+ 37. Kg1 Rg8 38. Rf6 Be4 39. Rxe6
Rxg6+ 40. Rxg6 Bxg6 41. cxd4 cxd4 42. Kf2 Kg7 43. Ke2 a5 0-1

[Event "40th Olympiad Women"]
[Site "Istanbul TUR"]
[Date "2012.09.05"]
[Round "8.11"]
[Board "4"]
[White "Davletbayeva, Madina"]
[Black "Stoeri, Laura"]
[Result "1-0"]
[WhiteTitle "WIM"]
[WhiteElo "2165"]
[BlackElo "2057"]
[WhiteTeam "Kazakhstan"]
[BlackTeam "Switzerland"]
[WhiteFideId "13703595"]
[BlackFideId "1304313"]
[EventDate "2012.08.28"]

1. e4 e5 2. Nf3 Nc6 3. Bb5 a6 4. Ba4 Nf6 5. O-O Be7 6. d3 b5 7. Bb3 d6 8. a4 Bd7
9. c3 O-O 10. Nbd2 Na5 11. Bc2 c5 12. Re1 Qc7 13. Nf1 h6 14. Ng3 Rfc8 15. Nh4
Bg4 16. f3 Be6 17. Nhf5 Bf8 18. f4 b4 19. Qf3 Qd8 20. Rf1 b3 21. Bd1 Nc6 22. c4
Rab8 23. Qf2 Nd7 24. Nxh6+ gxh6 25. f5 Bxc4 26. dxc4 Nf6 27. Be3 Rb4 28. Be2 Nd4
29. Bxd4 exd4 30. Qf4 Qe7 31. Rf3 Bg7 32. Bd3 Re8 33. Qh4 Kh7 34. Ne2 Nd7 35. f6
Nxf6 36. e5+ Kg8 37. exf6 Bxf6 38. Qxf6 Qxf6 39. Rxf6 Re3 40. Rf3 1-0

[Event "40th Olympiad Women"]
[Site "Istanbul TUR"]
[Date "2012.09.05"]
[Round "8.12"]
[Board "1"]
[White "Mamedjarova, Zeinab"]
[Black "Dembo, Yelena"]
[Result "1/2-1/2"]
[WhiteTitle "WGM"]
[BlackTitle "IM"]
[WhiteElo "2285"]
[BlackElo "2457"]
[WhiteTeam "Azerbaijan"]
[BlackTeam "Greece"]
[WhiteFideId "13401521"]
[BlackFideId "723916"]
[EventDate "2012.08.28"]

1. d4 Nf6 2. c4 g6 3. Nf3 Bg7 4. Nc3 O-O 5. Bf4 d6 6. e3 Nfd7 7. Be2 e5 8. dxe5
dxe5 9. Bg5 f6 10. Bh4 c6 11. Qd6 Qb6 12. O-O Na6 13. Rab1 Qc7 14. Ne4 Qxd6 15.
Nxd6 Ndc5 16. b4 Ne6 17. c5 Nac7 18. Bc4 g5 19. Bg3 Rd8 20. Rfd1 Bf8 21. h4 h6
22. hxg5 hxg5 23. Rd2 Bxd6 24. cxd6 Nd5 25. Bxd5 cxd5 26. Rxd5 Bd7 27. Nh2 Rac8
28. Rd2 Rc3 29. f3 Kf7 30. e4 b6 31. Ng4 Rdc8 32. Nh6+ Ke8 33. Nf5 Rc1+ 34. Rxc1
Rxc1+ 35. Kh2 Rc4 36. Ne3 Rd4 37. Be1 Rxd2 38. Bxd2 Nd4 39. Nd5 Kf7 40. Nc7 Nb5
41. Nxb5 1/2-1/2

[Event "40th Olympiad Women"]
[Site "Istanbul TUR"]
[Date "2012.09.05"]
[Round "8.12"]
[Board "2"]
[White "Botsari, Anna-Maria"]
[Black "Mammadova, Gulnar"]
[Result "1/2-1/2"]
[WhiteTitle "WGM"]
[BlackTitle "WGM"]
[WhiteElo "2336"]
[BlackElo "2324"]
[WhiteTeam "Greece"]
[BlackTeam "Azerbaijan"]
[WhiteFideId "4200446"]
[BlackFideId "13403508"]
[EventDate "2012.08.28"]

1. d4 d5 2. Nf3 Nf6 3. g3 Bf5 4. Bg2 c6 5. O-O Nbd7 6. Nbd2 e6 7. b3 Bd6 8. Bb2
Qe7 9. c4 O-O 10. Ne5 Ba3 11. Qc1 Bxb2 12. Qxb2 Nxe5 13. dxe5 Nd7 14. e4 dxe4
15. Bxe4 Nc5 16. Qa3 Rfe8 17. Bxf5 exf5 18. f4 f6 19. Nf3 fxe5 20. Nxe5 Nd7 21.
Qxe7 Rxe7 22. Nf3 Nf6 23. Rad1 Rae8 24. Ne5 Ng4 25. Nxg4 fxg4 26. Rd2 Re2 27.
Rf2 Re1+ 28. Kg2 R8e7 29. f5 Kf7 30. Rd4 R1e4 1/2-1/2

[Event "40th Olympiad Women"]
[Site "Istanbul TUR"]
[Date "2012.09.05"]
[Round "8.12"]
[Board "4"]
[White "Fakhiridou, Ekaterini"]
[Black "Isgandarova, Khayala"]
[Result "0-1"]
[WhiteTitle "WIM"]
[BlackTitle "WIM"]
[WhiteElo "2215"]
[BlackElo "2205"]
[WhiteTeam "Greece"]
[BlackTeam "Azerbaijan"]
[WhiteFideId "4202848"]
[BlackFideId "13401823"]
[EventDate "2012.08.28"]

1. e4 e6 2. d4 d5 3. Nc3 Bb4 4. Ne2 dxe4 5. a3 Bxc3+ 6. Nxc3 Nc6 7. Bb5 Ne7 8.
Bg5 O-O 9. Bxc6 bxc6 10. Nxe4 f6 11. Bf4 Ng6 12. Bc1 f5 13. Nc5 f4 14. c3 e5 15.
O-O f3 16. g3 Qf6 17. Qd3 exd4 18. cxd4 Kh8 19. Re1 Bh3 20. Bd2 Rad8 21. Bc3 Qg5
22. Qe4 Qh5 23. Re3 Nf4 24. Qxf3 Qxf3 0-1

[Event "40th Olympiad Women"]
[Site "Istanbul TUR"]
[Date "2012.09.05"]
[Round "8.13"]
[Board "1"]
[White "Paehtz, Elisabeth"]
[Black "Vojinovic, Jovana"]
[Result "1/2-1/2"]
[WhiteTitle "IM"]
[BlackTitle "WGM"]
[WhiteElo "2483"]
[BlackElo "2337"]
[WhiteTeam "Germany"]
[BlackTeam "Montenegro"]
[WhiteFideId "4641833"]
[BlackFideId "937266"]
[EventDate "2012.08.28"]

1. e4 e6 2. d4 d5 3. Nd2 c5 4. exd5 Qxd5 5. dxc5 Bxc5 6. Ngf3 Nf6 7. Bc4 Qd6 8.
Qe2 a6 9. O-O Qc7 10. Ne4 Be7 11. Bg5 Nbd7 12. Rfe1 h6 13. Bh4 Nxe4 14. Bxe7
Kxe7 15. Qxe4 Nf6 16. Qe2 Rd8 17. Rad1 Bd7 18. Ne5 Be8 19. Qe3 Kf8 20. Bb3 Rac8
21. c3 Qe7 22. h3 Nd7 23. Nxd7+ Rxd7 24. Qf4 Rxd1 25. Rxd1 Bc6 26. Qe5 Rd8 27.
Rxd8+ Qxd8 28. Qc5+ Qe7 29. Qe5 Qg5 30. Qxg5 hxg5 31. f3 Ke7 32. Kf2 1/2-1/2

[Event "40th Olympiad Women"]
[Site "Istanbul TUR"]
[Date "2012.09.05"]
[Round "8.13"]
[Board "2"]
[White "Milovic, Aleksandra"]
[Black "Ohme, Melanie"]
[Result "1-0"]
[WhiteTitle "WFM"]
[BlackTitle "WGM"]
[WhiteElo "2181"]
[BlackElo "2337"]
[WhiteTeam "Montenegro"]
[BlackTeam "Germany"]
[WhiteFideId "933988"]
[BlackFideId "4690745"]
[EventDate "2012.08.28"]

1. e4 c5 2. Nf3 d6 3. d4 cxd4 4. Nxd4 Nf6 5. Nc3 Nc6 6. Bg5 Qb6 7. Nb3 e6 8. Qd2
Be7 9. Be2 O-O 10. Bxf6 gxf6 11. f4 a6 12. O-O-O Qc7 13. f5 Ne5 14. Nd4 Kh8 15.
Bh5 Rg8 16. Qh6 Bd7 17. Nf3 Rg7 18. Rhf1 b5 19. g4 Nxg4 20. Qd2 Qc5 21. Nd4 b4
22. Nce2 Qe5 23. h3 Nh2 24. Rf2 Rc8 25. Nf4 Qxe4 26. Rxh2 e5 27. Re2 Qb7 28. Bf3
Qb8 29. Nd5 Bd8 30. Rg2 Rg5 31. Rxg5 fxg5 32. f6 h6 33. Nb3 a5 34. Bg4 Be6 35.
Kb1 Qb7 36. Bxe6 fxe6 37. Ne7 Bxe7 38. fxe7 Qxe7 39. Qxd6 Qh7 40. Qxe5+ Qg7 41.
Qxe6 Rf8 42. Rd7 1-0

[Event "40th Olympiad Women"]
[Site "Istanbul TUR"]
[Date "2012.09.05"]
[Round "8.13"]
[Board "3"]
[White "Michna, Marta"]
[Black "Blagojevic, Tijana"]
[Result "1-0"]
[WhiteTitle "WGM"]
[WhiteElo "2380"]
[BlackElo "2004"]
[WhiteTeam "Germany"]
[BlackTeam "Montenegro"]
[WhiteFideId "1106686"]
[BlackFideId "16500270"]
[EventDate "2012.08.28"]

1. e4 e5 2. Nc3 Nf6 3. g3 Nc6 4. Bg2 Bc5 5. Nge2 a6 6. O-O d6 7. Nd5 Be6 8. c3
Ba7 9. d4 exd4 10. Bg5 dxc3 11. Bxf6 gxf6 12. bxc3 Ne5 13. Nd4 c6 14. Nxe6 fxe6
15. Qh5+ Nf7 16. Nf4 Qd7 17. Bh3 Ke7 18. Nxe6 Ne5 19. Ng7 Qc7 20. Nf5+ Kd8 21.
Nxd6 Qxd6 22. Rad1 Nd3 23. Qf3 Qe5 24. Qxd3+ Kc7 25. Qd7+ Kb8 26. Qg7 Re8 27.
Rd7 Qb5 28. Qf7 Rc8 29. Rdd1 Bxf2+ 30. Rxf2 1-0

[Event "40th Olympiad Women"]
[Site "Istanbul TUR"]
[Date "2012.09.05"]
[Round "8.13"]
[Board "4"]
[White "Stojanovic, Marija R"]
[Black "Levushkina, Elena"]
[Result "0-1"]
[WhiteTitle "WFM"]
[BlackTitle "WGM"]
[WhiteElo "2097"]
[BlackElo "2301"]
[WhiteTeam "Montenegro"]
[BlackTeam "Germany"]
[WhiteFideId "931411"]
[BlackFideId "14200686"]
[EventDate "2012.08.28"]

1. e4 d6 2. d4 Nf6 3. Nc3 g6 4. Nf3 Bg7 5. Bc4 O-O 6. O-O Nxe4 7. Nxe4 d5 8. Bd3
dxe4 9. Bxe4 Nd7 10. c3 c5 11. Be3 Qc7 12. Qb3 Nf6 13. Bd3 Ng4 14. Rfe1 cxd4 15.
cxd4 Nxe3 16. fxe3 Be6 17. d5 Bg4 18. Rac1 Qa5 19. Re2 Rad8 20. e4 e6 21. Qxb7
exd5 22. exd5 Rxd5 23. Bc4 Rd7 24. Qe4 Bf5 25. Qf4 Rfd8 26. Rce1 Qb6+ 27. Kh1
Qd6 28. Qxd6 Rxd6 29. Re7 R6d7 30. Bxf7+ Kf8 31. Rxd7 Rxd7 32. Bb3 Bxb2 33. h3
Re7 34. Rxe7 Kxe7 35. Kg1 Bf6 36. Kf2 Bd3 37. Ke3 Bf1 38. Kf2 Bb5 39. Bg8 h6 40.
h4 Bd7 41. Ke3 Bb2 42. Bc4 Kf6 43. Ne1 Bc1+ 44. Kf3 Bd2 45. Nd3 Bc6+ 46. Kf2 Kf5
47. Nc5 Ba5 48. Nd3 Bd8 49. Kg3 Bc7+ 50. Kh3 Ke4 51. Nf2+ Ke3 52. Ng4+ Kd4 53.
Bf7 h5 54. Nf6 Ke5 55. Nh7 Bd7+ 56. Kg3 Kf5+ 57. Kf3 Bc6+ 58. Kf2 Bd8 59. Nf8
Bxh4+ 60. g3 Be7 61. Nh7 Be4 0-1

[Event "40th Olympiad Women"]
[Site "Istanbul TUR"]
[Date "2012.09.05"]
[Round "8.14"]
[Board "1"]
[White "Porat, Maya"]
[Black "Fomina, Tatyana"]
[Result "1-0"]
[WhiteTitle "WIM"]
[BlackTitle "WIM"]
[WhiteElo "2295"]
[BlackElo "2189"]
[WhiteTeam "Israel"]
[BlackTeam "Estonia"]
[WhiteFideId "2808072"]
[BlackFideId "4500156"]
[EventDate "2012.08.28"]

1. d4 d5 2. c4 Nc6 3. Nc3 dxc4 4. Nf3 Nf6 5. Bg5 h6 6. Bh4 Bf5 7. d5 Nb8 8. Qd4
g5 9. Bg3 Bg7 10. e4 Bg6 11. Qxc4 O-O 12. Bxc7 Qc8 13. Nd2 Na6 14. Be5 Qd8 15.
Qd4 Qb6 16. Qxb6 axb6 17. Bxa6 bxa6 18. O-O Rfc8 19. Rfe1 b5 20. a3 Bf8 21. Nb3
Ne8 22. Nd4 Nd6 23. Bxd6 exd6 24. Nc6 Rc7 25. g4 h5 26. h3 hxg4 27. hxg4 Rb7 28.
b4 Bg7 29. Rac1 Re8 30. f3 Bf6 31. Rc2 Bxc3 32. Rxc3 f5 33. gxf5 Bxf5 34. Kf2
Bc8 35. e5 dxe5 36. Rxe5 Rxe5 37. Nxe5 Bf5 38. Ke3 Kg7 39. Kd4 Ra7 40. Rc1 Kf6
41. Rc6+ Ke7 42. Rh6 Ra8 43. d6+ 1-0

[Event "40th Olympiad Women"]
[Site "Istanbul TUR"]
[Date "2012.09.05"]
[Round "8.14"]
[Board "2"]
[White "Narva, Triin"]
[Black "Efroimski, Marsel"]
[Result "1/2-1/2"]
[WhiteTitle "WCM"]
[BlackTitle "WIM"]
[WhiteElo "2028"]
[BlackElo "2174"]
[WhiteTeam "Estonia"]
[BlackTeam "Israel"]
[WhiteFideId "4502680"]
[BlackFideId "2810964"]
[EventDate "2012.08.28"]

1. e4 e6 2. d4 d5 3. Nd2 Nf6 4. e5 Nfd7 5. Ngf3 c5 6. c3 Nc6 7. Bd3 g6 8. h4 Be7
9. Qe2 cxd4 10. cxd4 Nb4 11. Bb1 b6 12. a3 Ba6 13. Qd1 Nd3+ 14. Bxd3 Bxd3 15.
Nb1 Bxb1 16. Rxb1 h6 17. h5 g5 18. O-O Rc8 19. Qd3 Qc7 20. Be3 Qc4 21. Qd2 O-O
22. Rfc1 Qb3 23. Nxg5 hxg5 24. Bxg5 f6 25. Bxf6 Rxc1+ 26. Rxc1 Bxf6 27. exf6
Rxf6 28. Rc3 Qa4 29. Rg3+ Kf7 30. h6 Nf8 31. Rg7+ Ke8 32. h7 Nxh7 33. Rxh7 Rf7
34. Rh8+ Kd7 35. Qc3 Qc4 36. Qe3 Qc2 37. Rh6 Qb1+ 38. Kh2 Qf5 39. Kg1 Rh7 40.
Rxh7+ Qxh7 41. b4 Qb1+ 42. Kh2 Qh7+ 43. Qh3 Qe4 44. Qe3 Qh7+ 45. Kg1 Qb1+ 46.
Kh2 Qh7+ 47. Qh3 Qe4 48. Qe3 Qh7+ 49. Qh3 1/2-1/2

[Event "40th Olympiad Women"]
[Site "Istanbul TUR"]
[Date "2012.09.05"]
[Round "8.14"]
[Board "3"]
[White "Klinova, Masha"]
[Black "Vahtra, Tuuli"]
[Result "1-0"]
[WhiteTitle "IM"]
[BlackTitle "WFM"]
[WhiteElo "2317"]
[BlackElo "2014"]
[WhiteTeam "Israel"]
[BlackTeam "Estonia"]
[WhiteFideId "2802015"]
[BlackFideId "4502060"]
[EventDate "2012.08.28"]

1. e4 e6 2. d4 d5 3. e5 c5 4. c3 Nc6 5. Nf3 Qb6 6. a3 Nh6 7. b4 cxd4 8. cxd4 Nf5
9. Be3 Bd7 10. Bd3 Nxe3 11. fxe3 Be7 12. O-O Rc8 13. Nbd2 f6 14. exf6 Bxf6 15.
Nb3 O-O 16. Nc5 Qc7 17. Rc1 Qd6 18. Nxb7 Qe7 19. Nc5 Be8 20. b5 Nd8 21. Na6 Rxc1
22. Qxc1 e5 23. dxe5 Bxe5 24. Nxe5 Rxf1+ 25. Bxf1 Qxe5 26. Nb4 Nf7 27. Qc5 h6
28. Nxd5 Qe4 29. Nc3 Qb7 30. Bc4 g6 31. Nd5 1-0

[Event "40th Olympiad Women"]
[Site "Istanbul TUR"]
[Date "2012.09.05"]
[Round "8.15"]
[Board "2"]
[White "Franco Valencia, Angela"]
[Black "Rozic, Vesna"]
[Result "1/2-1/2"]
[WhiteTitle "WFM"]
[BlackTitle "WIM"]
[WhiteElo "2170"]
[BlackElo "2260"]
[WhiteTeam "Colombia"]
[BlackTeam "Slovenia"]
[WhiteFideId "4403070"]
[BlackFideId "14604000"]
[EventDate "2012.08.28"]

1. e4 e6 2. d4 d5 3. e5 c5 4. c3 Nc6 5. Nf3 Qb6 6. a3 Nh6 7. b4 cxd4 8. cxd4 Nf5
9. Bb2 Bd7 10. g4 Nfe7 11. Nc3 Ng6 12. h4 h5 13. g5 a5 14. Na4 Qd8 15. b5 Na7
16. b6 Nc6 17. Bd3 Rc8 18. O-O Be7 19. Bc1 Kf8 20. Kh1 Kg8 21. Be3 Nb8 22. Nc5
Bxc5 23. Bxg6 fxg6 24. dxc5 Kh7 25. Nd4 Nc6 26. f4 Nxd4 27. Bxd4 a4 28. Kh2 Qe7
29. Rc1 Bc6 30. Rc3 Ra8 31. Re3 Rhe8 32. f5 exf5 33. Rxf5 Qe6 34. Rf4 Rf8 35.
Ref3 Rxf4 36. Rxf4 Kg8 37. Qf3 Re8 38. Qf1 Rd8 39. Qf3 Re8 40. Qf1 Bd7 41. Qf3
Bc6 42. Qh3 Qxh3+ 43. Kxh3 Rf8 44. Rxf8+ Kxf8 45. Kg3 Ke7 46. Kf4 Ke6 47. Bc3 1/2-1/2